Veterinary medicine international

Detalles Bibliográficos
Formato: Electrónico Revista
Lenguaje:inglés
Publicado: Cairo : SAGE-Hindawi, 2010-
Materias:
Acceso en línea:Full text available from Research Library: 01/01/2014 to present

MARC

LEADER 00000nas a2200000 a 4500
001 ssj0000329239
003 WaSeSS
005 20200512172242.0
006 m d
007 cr n
008 100202c20109999ua ar p s 0 0eng c
010 |a  2010243389 
016 7 |a 999912011  |2 DE-101 
016 7 |a 2536385-2  |2 DE-600 
016 7 |a 101524203  |2 DNLM 
016 7 |a 2536385-2  |2 GyBeDBIZ 
016 7 |a 015354052  |2 Uk 
022 |a 2042-0048  |y 2090-8113 
035 |a (WaSeSS)ssj0000329239 
037 |b Hindawi Publishing Corporation, 401 Park Avenue, 15th Floor, #287 pmb, New York, NY 10022 
040 |a TKN  |b eng  |c TKN  |d TKN  |d HEBIS  |d NLM  |d SCB  |d TXA  |d SHS  |d DEBBG  |d GWDNB  |d CUS  |d OCLCQ  |d OCLCF  |d OCLCO  |d OCLCQ  |d OCLCO  |d CUS  |d AU@  |d OCLCA  |d UKMGB  |d WaSeSS 
042 |a pcc 
050 1 4 |a SF604  |b .V4844 
060 1 0 |a W1 
210 1 0 |a Vet Med Int  |2 dnlm 
245 0 0 |a Veterinary medicine international  |h [electronic resource]. 
260 |a Cairo :  |b SAGE-Hindawi,  |c 2010- 
310 |a Annual 
362 1 |a Began with: Vol. 2010. 
506 |a License restrictions may limit access. 
515 |a Articles added consectively to current annual volume. 
538 |a Mode of access: World Wide Web Open Access. 
588 |a Description based on: 2010 Research Article ID 810496, 3 pages, 2010. (doi:10.4061/2010/810496); title from PDF article running title (Hindawi site, viewed Aug. 28, 2011). 
588 |a Latest issue consulted: Vol. 2011 (Hindawi site, viewed Aug. 28, 2011). 
650 0 |a Veterinary medicine  |v Periodicals. 
650 1 2 |a Veterinary Medicine. 
650 7 |a Veterinary medicine.  |2 fast  |0 (OCoLC)fst01165977 
655 0 |a Electronic journals. 
856 4 0 |z Full text available from Research Library: 01/01/2014 to present  |u https://search.proquest.com/publication/2037503